000 00553nam a22001817a 4500
005 20251108174932.0
008 250721s2010 xx 000 0 ara d
082 1 4 _a926.10956/ماز
100 1 _aالمازني، إسلام
_eمؤلف
245 1 0 _aتاريخ الطب والأطباء المسلمين /
264 1 _aدمشق :
_bدار العرب للدراسات،
_c2010.
300 _a160ص.
650 1 7 _aالتراجم
650 1 7 _aالأطباء
650 1 7 _aالتاريخ الإٍسلامي
942 _2ddc
_cBK
999 _c121938
_d121938